Africa mortal : (Record no. 177886)

MARC details
000 -CABECERA
campo de control de longitud fija 00687nam a2200229 u 4500
005 - FECHA Y HORA DE LA ÚLTIMA TRANSACCIÓN
campo de control 20220527184923.0
008 - ELEMENTOS DE LONGITUD FIJA--INFORMACIÓN GENERAL
campo de control de longitud fija 150911s2009 r 000 0 eng d
020 ## - NÚMERO INTERNACIONAL NORMALIZADO PARA LIBROS
Número Internacional Estándar del Libro 9786072101838 (Larousse)
035 ## - NÚMERO DE CONTROL DEL SISTEMA
Número de control de sistema UPN01000205785
049 ## - COLECCIÓN
Colección I
050 #4 - SIGNATURA TOPOGRÁFICA DE LA BIBLIOTECA DEL CONGRESO
Número de clasificación QL336
Número de documento/Ítem A3.7
245 00 - MENCIÓN DE TÍTULO
Título Africa mortal :
Resto del título encuentros extremos con animales /
Mención de responsabilidad, etc. ed. Tomás García,
260 ## - PUBLICACIÓN, DISTRIBUCIÓN, ETC.
Lugar de publicación, distribución, etc. México :
Nombre del editor, distribuidor, etc. Larousse,
Fecha de publicación, distribución, etc. c2009.
300 ## - DESCRIPCIÓN FÍSICA
Extensión 47 p. :
Otras características físicas il. col.
440 #0 - MENCIÓN DE SERIE/ASIENTO SECUNDARIO--TÍTULO
Título Animal planet
534 ## - NOTA SOBRE LA VERSIÓN ORIGINAL
Frase introductoria Titúlo oroginal:
Mención de título del original Killer Africa
651 #0 - ASIENTO SECUNDARIO DE MATERIA - NOMBRE GEOGRAFICO
Nombre geográfico África
Subdivisión de forma Literatura juvenil
9 (RLIN) 12488
650 #4 - ASIENTO SECUNDARIO DE MATERIA - TERMINO TEMATICO
Término de materia o nombre geográfico como elemento de entrada ANIMALES PELIGROSOS
9 (RLIN) 11801
700 1# - ASIENTO SECUNDARIO--NOMBRE DE PERSONAL
Nombre de persona García, Tomás,
Término indicativo de función/relación ed.
905 ## - TIPO DE MATERIAL
Tipo de material Infantil
Holdings
Estado de retiro Estado de pérdida Fuente del sistema de clasificación o colocación Estado dañado No para préstamo Código de colección Localización permanente Ubicación/localización actual Ubicación en estantería Fecha de adquisición Total de préstamos Clasificación Código de barras Fecha visto por última vez Fecha del último préstamo Número de copia Tipo de ítem Koha
    Library of Congress Classification     Infantil Bib. Gregorio Torres Quintero Bib. Gregorio Torres Quintero Sala infantil Planta baja 22/03/2023 3 QL336 A3.7 306412 12/09/2023 22/08/2023 1 Libro